000 01145cai a22002055a 4500
001 L146880
008 090309u xxkao g 000 0 eng d
035 _a(Sirsi) u146880
041 0 _aeng
110 2 _aUnited Kingdom
_bDepartment for Business, Enterprise and Regulatory Reform
_95262
245 0 0 _aLow carbon industrial strategy
_ba vision
_h[electronic resource]
520 _aGovernmental interactive website on "Low carbon industrial strategy", the government plan to reach a low carbon environment. Gives opportunities to professionals and those interested to offer their views on the matter, which will be used to inform development policy. The final strategy will be published in the summer 2009.
590 _aKA NTK
651 4 _aUnited Kingdom
_y1973-
690 _aENVIRONMENTAL AND LAND CONSULTANCY-ENVIRONMENTAL MANAGEMENT
690 _aENVIRONMENTAL AND LAND CONSULTANCY-ENERGY-ENERGY USE-ENERGY EFFICIENCY
710 2 _aUnited Kingdom
_bDepartment for Energy and Climate Change
_95697
856 4 0 _uhttps://interactive.berr.gov.uk/lowcarbon/
_zView the website free of charge online at interactive.berr.gov.uk...
942 _n0
999 _c120775
_d120775